00617pab a2200193 454500008004000000100001900040245005700059260000900116300001600125362001000141650002800151650002500179650003300204650002000237773003400257909001000291999001700301952010500318180718b2004 xxu||||| |||| 00| 0 eng d aMahmud, Simeen aHealth and population: making progress under poverty c2004 ap.4081-092. a4 Sep aBangladesh - Population aPoverty - Bangladesh aHealth services - Bangladesh aHealth services aEconomic and Political Weekly a62333 c62333d62333 00104070aIIPAbIIPAd2018-07-19hVolume no: 39, Issue no: 36pAR62783r2018-07-19w2018-07-19yAR